000 00743nam a2200217Ia 4500
003 GCL
008 140319s9999 xx 000 0 ara d
040 _aGCL /
_cGCL
082 0 4 _a811.082
_bم ح
100 1 _aمحمد التمساح
245 1 0 _aحلم ازاز :
_bشعر /
_cمحمد التمساح
250 _aالاولى
260 _aالقاهرة :
_bالهيئة العامة لقصور الثقافة ،
_c2000
300 _a94 ص ؛
_c12 سم
490 _aابداعات
_v113
650 0 4 _aالشعر العربى
650 0 4 _aالشعر
650 0 4 _aالشعر العربى - العصر الحديث
650 0 4 _aالشعر العربى - مصر - تاريخ ونقد - العصر الحديث
942 _2ddc
_cBK
999 _c9596
_d9596